000 00927nam a2200193Ia 4500
999 _c50841
_d50841
001 17795
003 GE_BSU
005 20200224144123.0
008 181216s1987en xx |||||||||||||| ||eng||
040 _cGE_BSU
080 _a353.03(73) P-97
245 _aPublic papers of the presidents of the United States Ronald Reagan. 1984
_b1984 (in two books). book II-june to december 31,1984
264 _aWashington :
_bUnited States government printing office,
_c1987.
300 _a1960 p.:
_bill ;
_c26 cm.
653 _aPublic papers of the presidents of the United States Ronald Reagan
653 _aშეერთებული შტატების პრეზიდენტების რონალდ რეიგანის საჯარო ფურცლები
653 _aსახელმწიფო ადმინისტრაციული მმართველობა
942 _cBK
_2udc